000
00311nam a22001337a 4500
008
170707b xxu||||| |||| 00| 0 eng d
020
_a
9780205620388
041
_a
eng
080
_2
15 ED
_a
82
100
_a
22
101
_a
GJL
245
_a
AN INTRODU8CRION TO LITERATURE
_c
BARNEL .S
942
_2
udc
_c
BK
999
_c
20044
_d
20044